Quelques details publiés ou inconnus sur la vie et les publications de certains voyageurs européens venus en Égypte pendant les derniers siècle /

محفوظ في:

المؤلف الرئيسي: Keimer, Ludwig (مؤلف)

مؤلف مشترك: Institut d'Egypte. Bulletin. t. XXXI.

التنسيق: كتاب

اللغة: French

منشور في: Le Caire : Imprimerie de l'Institut Français d'Archéologie Orientale, 1949.

الموضوعات:

الوسوم: إضافة وسم

لا توجد وسوم, كن أول من يضع وسما على هذه التسجيلة!

رقم الطلب: DT48 .K4x 1949

LEADER 01012namaa2200265 4500
001 18914
003 OSt
005 20260324100441.0
008 130303r19481949ua ah b 000 0 fre d
040 |c ARCE Library 
043 |a f-ua--- 
050 4 |a DT48 .K4x 1949 
100 1 |a Keimer, Ludwig,  |e author 
245 1 0 |a Quelques details publiés ou inconnus sur la vie et les publications de certains voyageurs européens venus en Égypte pendant les derniers siècle /   |c par L. Keimer. 
264 1 |a Le Caire :   |b Imprimerie de l'Institut Français d'Archéologie Orientale,   |c 1949. 
300 |a [121]-175 pages :   |b illustrations, facsimiles ;   |c 26 cm. 
500 |a "Extrait du Bulletin de l'Institut d'Egypte, t. XXXI. Session 1948-1949." 
504 |a Bibliographical footnotes. 
650 0 |a Visitors, Foreign   |z Egypt. 
650 0 |a Travelers   |z Egypt. 
651 0 |a Egypt  |x Description and travel. 
710 2 |a Institut d'Egypte. Bulletin. t. XXXI. 
901 |a reviewed 
942 |c BK  |2 lcc 
999 |c 15970  |d 15970